000 01799cad a22002895a 4500
001 L159292
008 130516s2016 xxk f 000 0 eng d
020 _a9781783210411
035 _a(Sirsi) u159292
041 0 _aeng
110 2 _aRoyal Institution of Chartered Surveyors
245 0 0 _aSurveys of residential property
_bMay 2016 reissue
_h[electronic resource]
250 _a3rd edition
260 _aLondon
_cRICS
_b2016
490 0 _aRICS Guidance Note
490 0 _aRICS Conditions of Engagement
520 _aProvides guidance to chartered surveyors in England and Wales wishing to produce their own residential property survey product. Outlines range of residential surveying services available for property owners and vendors, competence, components of service available, the report, post report delivery and managing client expectations and a range of add on services available. Includes liability caps, cancellation rights under the Consumer Contracts Regulations 2013, adjustment of unexpired leasehold terms adjusted from 70 to 85 years. Sample scope of engagement in Appendix A is not mandatory but may help practitioners develop documentation to support clearer client understanding
520 _aSupersedes RICS Building surveys of residential property 2004, 2nd edition (L117358), December 2013, 3rd ed L158026, 2013. See also Home Survey standard K121160 effective from 1 June 2020.
590 _aKA
650 _aHome survey standard
650 _aCondition reports
651 4 _aUnited Kingdom
690 _aSurvey reports
_96270
700 1 _aParnham, Phil
856 4 0 _uhttps://www.isurv.com/downloads/file/6834/archive_surveys_of_residential_property_3rd_edition_reissue_may_2016_-_may_2022
_zArchived on iSurv (subscription required)
942 _n0
999 _c115784
_d115784